000 00661nam a2200193 i 4500
001 166323
003 ES-MaACL
005 20250801034207.0
008 190924s1961 sp |||| | spa d
100 0 _aReding, Marcel.
_995798
245 1 0 _aEstructura de la existencia cristiana /
_cMarcel Reding ; [traducción de Jesús Álvarez Arroyo].
260 _aMadrid :
_bRialp,
_c1961.
300 _a427 p. ;
_c22 cm.
490 1 _aEnciclopedia de la Ética y Moral Cristianas ;
_v1
650 0 7 _aCristianismo
_2embne
_911425
830 0 _aEnciclopedia de la Ética y Moral Cristianas ;
_v1
_9187151
852 _aES-MaACL
_jP-814-Bis
999 _c166323
_d166323